| 000 | 01086cam a2200253 i 4500 | ||
|---|---|---|---|
| 999 |
_c9353 _d9353 |
||
| 001 | vtls003952828 | ||
| 003 | NUKAT | ||
| 005 | 20190822111727.0 | ||
| 008 | 170310s1974 ru a f |000 0 rusoc | ||
| 035 | _axx003952828 | ||
| 039 | 9 |
_a201708300007 _bAUTHORITY _c201703150844 _dvpw _c201703140117 _dVLOAD _c201703131442 _dqbk |
|
| 040 |
_aWA 72/OMK _cWA 72/OMK _dWA 72/OMW |
||
| 100 | 1 | _aLebedev, Oleg Timofeevič. | |
| 245 | 1 | 0 |
_aKonstruirovanie radioèlektronnoj apparatury na osnove integralʹnyh shem / _cO. T. Lebedev, M. A. Ogibin ; Ministerstvo vysšego i srednego specialʹnogo obrazovaniâ RSFSR. |
| 260 |
_aLeningrad : _bIzdatelʹstvo Leningradskogo Gosudarstvennogo Universiteta, _c1974. |
||
| 300 |
_a272 s. : _bil. ; _c22 cm. |
||
| 336 |
_2rdacontent _aTekst _btxt |
||
| 337 |
_2rdamedia _aBez urządzenia pośredniczącego _bn |
||
| 338 |
_2rdacarrier _aWolumin _bnc |
||
| 504 | _aBibliogr. s. 268-271. | ||
| 700 | 1 | _aOgibin, Mihail Alekseevič. | |
| 710 | 2 |
_aLeningradskij gosudarstvennyj universitet imeni A. A. Ždanova. _bIzdatelʹstvo. _4pbl |
|
| 942 |
_2ddc _cBK |
||